Balearic Islands - Map Quiz - Statistics

General Stats
  • This quiz has been taken 567 times
    50 since last reset
  • The average score is 3 of 5
Answers on the Map
Answers color-coded by a green-red scale on the quiz's map according to % correct below.
 
Answer Stats
Area Island % Correct
3,640 Mallorca
98%
571.6 Ibiza
95%
695.7 Minorca
91%
83.24 Formentera
28%
15.69 Cabrera
21%
No matching quizzes found
Score Distribution
Percent of People with Each Score
Percentile by Number Answered
Your Score History
You have not taken this quiz since the last reset